000 00979nam a22002537a 4500
999 _c18265
_d18265
003 AR-CdUCM
008 190513b ||||| |||| 00| 0 spa d
040 _aMUNICIPALIDAD PROVINCIAL DEL CUSCO
_cBIBLIOTECA MUNICIPAL DEL CUSCO
041 _heng
082 _25ed.
_a514.23 /
_bW22
100 _aWarner, Frank M.
_938753
245 _aGeometría descriptiva aplicada /
260 _aNew York :
_bMc Graw-Hill Book,
_c1964.
300 _a242 páginas ;
_bfiguras,
_c24 cm.
505 _aContenido: Advertencia en relación a la inclinación de la linea -- Afloramiento de un filón -- Angulo diedro -- Angulo de inclinación -- Buzamiento -- Casco de un barco -- Cilindros ...
650 _aGeometría
_918656
650 _aArquitectura
_93356
650 _aDibujo geométrico
_938754
700 _aMcneary, Matthew (coautor)
_938755
700 _aCarmona, José
_938756
700 _aPérez de Vera (traductores)
_938757
942 _2ddc
_cLIBROS
945 _aachl
_d2019-05-13